| 000 | 00824cam a2200229 4500 | ||
|---|---|---|---|
| 001 | ABS63311 | ||
| 008 | 000000n2000 000 0 eng u | ||
| 035 | _a(Sirsi) u110210 | ||
| 100 | _aBaker, A. | ||
| 245 | _aStatutory nuisance redefined | ||
| 260 | _c2000 | ||
| 490 |
_aSolicitors' Journal _v144(47) 15 December 2001, 1142-1143(2) |
||
| 520 | _aDiscusses "Birmingham CC v Oakley" HL 2000 which found that a risk which arose by reason of an undesirable arrangement of rooms ie a lavatory without a wash basin could not be classed as a statutory nuisance. | ||
| 590 | _aABS | ||
| 650 | _aBIRMINGHAM CITY COUNCIL V OAKLEY | ||
| 650 | _aSTATUTORY NUISANCE | ||
| 650 | _aENVIRONMENTAL PROTECTION ACT 1990 S79 | ||
| 650 | _aPUBLIC HEALTH | ||
| 650 | _aHYGIENE | ||
| 690 |
_aHealth and safety _96244 |
||
| 942 | _n0 | ||
| 999 |
_c65726 _d65726 |
||